| 000 | 004710000a22001930004500 | ||
|---|---|---|---|
| 001 | 000918 | ||
| 003 | MACL | ||
| 005 | 20151013155308.0 | ||
| 008 | 151013b xxu||||| |||| 00| 0 eng d | ||
| 040 |
_aMACL _cMACL |
||
| 041 | _aEnglish | ||
| 082 | _a920/CHA | ||
| 100 |
_aChatterjee, Rupa _914657 |
||
| 245 |
_aThe Sonia Mystique _cRupa Chatterjee |
||
| 260 |
_aNew Delhi _c2000 _bVirgo Publications, |
||
| 350 | _a495 | ||
| 650 |
_aBiography _914658 |
||
| 942 |
_k920 _cBK _2ddc |
||
| 999 |
_c916 _d916 |
||